000 00480cam a22002051 4500
001 ne 63002658
003 DLC
005 20260227111753.0
008 880902s1971 xx 000 0 ara
010 _ane 63002658
035 _a(OCoLC)23519513
040 _aDLC
_cMiU
_dDLC
042 _apremarc
050 0 0 _aHX444
_b.Q25
245 1 0 _aQālū ʻan al-ishtirākīyah.
260 _c[1971 1961]
300 _a110 p.
_c19 cm.
500 _aRomanized.
650 0 _aSocialism
999 _c46539
_d46539